La traición de Rita Hayworth /
Guardado en:
| Autor Principal: | |
|---|---|
| Formato: | Libro |
| Publicado: |
Buenos Aires :
Booket,
2005
|
| Series: | Novela
|
| Materias: | |
| Etiquetas: |
Agregar Etiqueta
Sin Etiquetas, Sea el primero en etiquetar este registro!
|
| LEADER | 00569nam a22002055a 4500 | ||
|---|---|---|---|
| 001 | CEM.cems012250 | ||
| 008 | 130507s2005##################000#0#####d | ||
| 005 | 20250710155607.0 | ||
| 245 | 1 | 0 | |a La traición de Rita Hayworth / |c Manuel Puig. |
| 260 | |a Buenos Aires : |b Booket, |c 2005 | ||
| 300 | |a 290 p. | ||
| 490 | 0 | |a Novela | |
| 020 | |a 9875800473 | ||
| 100 | 1 | |a Puig, Manuel | |
| 082 | 0 | 4 | |a A863.4 |
| 653 | |a Literatura | ||
| 653 | |a Literatura argentina | ||
| 653 | |a Novelas | ||
| 653 | |a Novelas argentinas | ||
| 859 | |a CEMS |b BIB. CEMS - 11 de abril |h A863.4 |i P964-4 |p 23475.06 |t Ej.1 | ||
